000 00537nam a22002057a 4500
999 _c16736
_d16736
003 OSt
005 20180320160019.0
008 180320b xxu||||| |||| 00| 0 eng d
020 _a9781138016293
040 _cKABU
050 _aG 155
_b.M37 2016 C.1
100 _aMason, Peter
245 _aTourism Impacts, Planning and Management
_cPeter mason
250 _a3rd ed.
260 _aNew York
_bRoutledge
_c2016
300 _axvii, 253p.
650 _aTourism
_v management
650 _aTourism
_vplanning
942 _2lcc
_cBK